Learning Resource and Development

The Legends of the Jews - Volume 2 (Record no. 14849)

MARC details
000 -LEADER
fixed length control field 00808cam a22002653a 4500
001 - CONTROL NUMBER
control field 1494
003 - CONTROL NUMBER IDENTIFIER
control field PGUSA
005 - DATE AND TIME OF LATEST TRANSACTION
control field 20230525153734.0
008 - FIXED-LENGTH DATA ELEMENTS--GENERAL INFORMATION
fixed length control field 981001s1998||||xxu|||||s|||||000 | eng d
040 ## - CATALOGING SOURCE
Original cataloging agency PGUSA
Language of cataloging eng
042 ## - AUTHENTICATION CODE
Authentication code dc
050 #4 - LIBRARY OF CONGRESS CALL NUMBER
Classification number BM
100 1# - MAIN ENTRY--PERSONAL NAME
Personal name Szold, Henrietta,
Dates associated with a name 1860-1945
245 14 - TITLE STATEMENT
Title The Legends of the Jews - Volume 2
Medium [electronic resource] /
Statement of responsibility, etc. Henrietta Szold
260 ## - PUBLICATION, DISTRIBUTION, ETC.
Name of publisher, distributor, etc. Project Gutenberg,
Date of publication, distribution, etc. 1998
500 ## - GENERAL NOTE
General note Volume 2: From Joseph to the exodus
506 ## - RESTRICTIONS ON ACCESS NOTE
Terms governing access Public domain in the USA.
516 ## - TYPE OF COMPUTER FILE OR DATA NOTE
Type of computer file or data note Text
653 ## - INDEX TERM--UNCONTROLLED
Uncontrolled term Jewish legends
653 ## - INDEX TERM--UNCONTROLLED
Uncontrolled term Midrash -- Translations into English
653 ## - INDEX TERM--UNCONTROLLED
Uncontrolled term Bible. Old Testament -- Legends
653 ## - INDEX TERM--UNCONTROLLED
Uncontrolled term Aggada -- Translations into English
830 #0 - SERIES ADDED ENTRY--UNIFORM TITLE
Uniform title Project Gutenberg
Volume/sequential designation 1494
856 40 - ELECTRONIC LOCATION AND ACCESS
Uniform Resource Identifier <a href="http://www.gutenberg.org/ebooks/1494">http://www.gutenberg.org/ebooks/1494</a>
Holdings
Withdrawn status Lost status Damaged status Not for loan Collection Home library Current library Date acquired Total Checkouts Full call number Date last seen Uniform Resource Identifier Price effective from Koha item type
        Project Gutenberg Main Library Main Library 05/25/2023   BM 05/25/2023 http://www.gutenberg.org/ebooks/1494 05/25/2023 EBooks